000 00614nam a2200205Ia 4500
001 8823
003 GE_BSU
008 181216s||||||||xx |||||||||||||| ||und||
040 _cGE_BSU
080 _a821.353.1-1
100 _aკალანდაძე, ანა
245 _aლექსები
245 _cრედ:ვ.ჯავახაძე;მხატვ:ნ.იანქოშვილი
260 _aთბილისი
260 _bსაბჭოთა საქართველო
260 _c1967
300 _a278გვ;15სმ
653 _aლექსები
942 _cBK
999 _c42131
_d42131